[Event "Rated Blitz game"]
[Site "?"]
[Date "2021.10.16"]
[Round "?"]
[White "simplesimpson03"]
[Black "barry-allen"]
[Result "1-0"]
[WhiteElo "2405"]
[BlackElo "2318"]
[PlyCount "53"]
[EventDate "2021.??.??"]
[EventType "blitz"]

1. e4 e5 2. Nf3 d5 3. exd5 e4 4. Qe2 Nf6 5. d3 Qxd5 6. dxe4 Qxe4 7. Nc3 Bb4 8.
Bd2 Bxc3 9. Bxc3 Qxe2+ 10. Bxe2 Nbd7 11. O-O-O O-O 12. Rhe1 Ne4 13. Bd4 c5 14.
Be3 b6 15. Bb5 Ndf6 16. Bc6 Bg4 17. Bxa8 Rxa8 18. h3 Bh5 19. g4 Bg6 20. Ne5 Re8
21. Nxg6 hxg6 22. f3 Ng3 23. Bf2 Ne2+ 24. Kd2 Nd4 25. Rxe8+ Nxe8 26. Bxd4 cxd4
27. Kd3 {Normal} 1-0

[Event "Rated Rapid game"]
[Site "?"]
[Date "2021.10.16"]
[Round "?"]
[White "darken"]
[Black "Newton_54"]
[Result "1/2-1/2"]
[WhiteElo "2410"]
[BlackElo "2391"]
[PlyCount "80"]
[EventDate "2021.??.??"]
[EventType "rapid"]

1. e4 e5 2. Nf3 d5 3. exd5 e4 4. Qe2 Nf6 5. Nc3 Be7 6. Nxe4 O-O 7. g3 Re8 8. d3
c6 9. Be3 cxd5 10. Nxf6+ Bxf6 11. d4 Bg4 12. c3 Nc6 13. Bg2 Qa5 14. O-O Re7 15.
Qd2 Rae8 16. Ne1 Bf5 17. Nd3 Qb5 18. Nc5 b6 19. a4 Qxf1+ 20. Rxf1 bxc5 21. dxc5
Ne5 22. Qxd5 Rd7 23. Qa2 Bd3 24. Rc1 Bc4 25. Qa3 Nd3 26. Ra1 Rxe3 27. fxe3 Bg5
28. c6 Bxe3+ 29. Kh1 Nf2+ 30. Kg1 Nd1+ 31. Kh1 Nf2+ 32. Kg1 Nh3+ 33. Kh1 Rd1+
34. Rxd1 Nf2+ 35. Kg1 Nxd1+ 36. Kh1 Nf2+ 37. Kg1 Nh3+ 38. Kh1 Nf2+ 39. Kg1 Nh3+
40. Kh1 Nf2+ {Normal} 1/2-1/2

[Event "Rated Blitz game"]
[Site "?"]
[Date "2021.10.16"]
[Round "?"]
[White "ak61"]
[Black "Schachelite"]
[Result "0-1"]
[WhiteElo "2582"]
[BlackElo "2445"]
[PlyCount "90"]
[EventDate "2021.??.??"]
[EventType "blitz"]

1. e4 e5 2. Nf3 d5 3. exd5 e4 4. Qe2 Nf6 5. d3 Qxd5 6. Nbd2 Nc6 7. dxe4 Qe6 8.
c3 Bc5 9. h3 O-O 10. Qc4 Qe7 11. Be2 Re8 12. O-O Be6 13. Qa4 a6 14. Qc2 Rad8
15. Re1 Bb6 16. Bf1 Qc5 17. Nb3 Qh5 18. Ng5 Bc8 19. Bf4 h6 20. Nf3 Bxh3 21.
Rad1 Rxd1 22. Qxd1 Bg4 23. Nbd2 Ne5 24. Bxe5 Rxe5 25. Nc4 Rxe4 26. Rxe4 Nxe4
27. Nxb6 cxb6 28. Qd8+ Kh7 29. Nh2 Nf6 30. Qxb6 Be2 31. Qxb7 Bxf1 32. Nxf1 Qa5
33. Qb3 Qf5 34. Qc4 Ne4 35. Qe2 h5 36. c4 g6 37. b4 h4 38. c5 h3 39. gxh3 Ng5
40. Ng3 Qxh3 41. c6 Qc8 42. Qc4 Nh3+ 43. Kg2 Ng5 44. c7 Qh3+ 45. Kg1 Nf3# {
Normal} 0-1

[Event "Rated Rapid game"]
[Site "?"]
[Date "2021.10.16"]
[Round "?"]
[White "compte_galere"]
[Black "FicherStudent"]
[Result "0-1"]
[WhiteElo "2538"]
[BlackElo "2428"]
[PlyCount "91"]
[EventDate "2021.??.??"]
[EventType "rapid"]

1. e4 e5 2. Nf3 d5 3. Nxe5 Bd6 4. d4 dxe4 5. Nc4 Nf6 6. Be2 O-O 7. O-O Bxh2+ 8.
Kxh2 Nc6 9. c3 Ne7 10. Bg5 Ng6 11. Kg1 h6 12. Be3 Nd5 13. Nbd2 Re8 14. Bg4 b5
15. Bxc8 Rxc8 16. Na3 Qh4 17. Re1 f5 18. Nf3 exf3 19. Qxf3 Qe4 20. Qxe4 Rxe4
21. Nxb5 a6 22. Na3 Rce8 23. Bd2 Ngf4 24. Rxe4 Rxe4 25. Nc4 Nd3 26. Kf1 f4 27.
Ne5 Nxe5 28. dxe5 g5 29. Re1 Rxe1+ 30. Kxe1 Kf7 31. c4 Nb6 32. b3 Ke6 33. Bc3
Nd7 34. Ke2 Nxe5 35. Bxe5 Kxe5 36. Kd3 c5 37. a3 a5 38. Kc3 h5 39. b4 axb4+ 40.
axb4 cxb4+ 41. Kxb4 f3 42. g3 h4 43. gxh4 gxh4 44. c5 h3 45. Kb5 h2 46. c6 {
Normal} 0-1

[Event "Rated Blitz game"]
[Site "?"]
[Date "2021.10.16"]
[Round "?"]
[White "Cadlag"]
[Black "RCompany_1"]
[Result "0-1"]
[WhiteElo "2556"]
[BlackElo "2471"]
[PlyCount "80"]
[EventDate "2021.??.??"]
[EventType "blitz"]

1. e4 e5 2. Nf3 d5 3. Nxe5 Bd6 4. d4 dxe4 5. Nc4 Be7 6. Nc3 Nf6 7. Ne5 Be6 8.
Bc4 Bxc4 9. Nxc4 Nc6 10. Be3 Nd5 11. Nxd5 Qxd5 12. Qe2 O-O 13. O-O f5 14. g3
Nxd4 15. Bxd4 Qxd4 16. Rad1 Qc5 17. Rd7 Rad8 18. Rfd1 Bd6 19. Rxd8 Rxd8 20.
Nxd6 Rxd6 21. Rxd6 cxd6 22. c4 d5 23. cxd5 Qxd5 24. b3 h6 25. Qc2 a6 26. h4 Kh7
27. Kh2 Qd4 28. Kg2 b5 29. Qc8 Qd5 30. Kg1 a5 31. Qe8 Qd1+ 32. Kg2 Qf3+ 33. Kg1
e3 34. Qxe3 Qxe3 35. fxe3 Kg6 36. Kf2 Kf6 37. Kf3 Ke5 38. h5 b4 39. Kf2 Kf6 40.
Kf3 Kg5 {Normal} 0-1

[Event "Rated Blitz game"]
[Site "?"]
[Date "2021.10.16"]
[Round "?"]
[White "Carlseng"]
[Black "RCompany_1"]
[Result "1/2-1/2"]
[WhiteElo "2502"]
[BlackElo "2489"]
[PlyCount "145"]
[EventDate "2021.??.??"]
[EventType "blitz"]

1. e4 e5 2. Nf3 d5 3. exd5 e4 4. Qe2 Nf6 5. d3 Qxd5 6. Nbd2 Nc6 7. dxe4 Qh5 8.
Qb5 Bc5 9. Be2 a6 10. Qb3 Ng4 11. O-O Nd4 12. Qd5 Nxe2+ 13. Kh1 Qxd5 14. exd5
Nxc1 15. Raxc1 Nxf2+ 16. Rxf2 Bxf2 17. Ne4 Bb6 18. c4 Bf5 19. Ng3 Bg6 20. c5
Ba5 21. a3 c6 22. b4 Bd8 23. Re1+ Kd7 24. Ne5+ Kc8 25. Nxg6 hxg6 26. d6 Kd7 27.
Kg1 a5 28. Rf1 f6 29. Ne2 g5 30. Nd4 axb4 31. axb4 Ra4 32. Nf5 Rg8 33. Rb1 g6
34. Ne3 f5 35. h3 Re8 36. Kf2 Re4 37. Nc2 Bf6 38. Kf3 g4+ 39. hxg4 Rxg4 40. b5
Raf4+ 41. Ke3 Re4+ 42. Kf3 Rgf4+ 43. Kg3 Bh4+ 44. Kh3 Re2 45. bxc6+ Kxc6 46. g3
Rc4 47. Na3 Rc3 48. Kxh4 Rxa3 49. Rb6+ Kxc5 50. d7 Rd3 51. Rxb7 Kc6 52. Ra7
Rxd7 53. Ra6+ Kb5 54. Rxg6 Re5 55. Kg5 Rde7 56. Kf4 Re4+ 57. Kxf5 R7e5+ 58. Kf6
Re6+ 59. Kf5 Rxg6 60. Kxg6 Rg4+ 61. Kf5 Rxg3 62. Kf4 Rg1 63. Ke4 Kc4 64. Ke3
Re1+ 65. Kf2 Re5 66. Kf3 Kd4 67. Kf4 Re4+ 68. Kf5 Kd5 69. Kf6 Re5 70. Kf7 Kd6
71. Kg6 Kd5 72. Kf6 Ke4 73. Kf7 {Time forfeit} 1/2-1/2

[Event "Rated Blitz game"]
[Site "?"]
[Date "2021.10.16"]
[Round "?"]
[White "chesslover1304"]
[Black "alaeldin1212"]
[Result "0-1"]
[WhiteElo "2432"]
[BlackElo "2379"]
[PlyCount "34"]
[EventDate "2021.??.??"]
[EventType "blitz"]

1. e4 e5 2. Nf3 d5 3. exd5 e4 4. Qe2 Nf6 5. Nc3 Be7 6. Nxe4 O-O 7. d3 Nxd5 8.
Bd2 Re8 9. O-O-O f5 10. Nc3 Nxc3 11. Bxc3 Bg5+ 12. Nxg5 Rxe2 13. Bxe2 Qxg5+ 14.
Kb1 Be6 15. Bf3 Nc6 16. Rhe1 Bf7 17. Re2 Re8 {Normal} 0-1

[Event "Rated Blitz game"]
[Site "?"]
[Date "2021.10.16"]
[Round "?"]
[White "slave-trajkoski"]
[Black "GoughPhar"]
[Result "1-0"]
[WhiteElo "2471"]
[BlackElo "2461"]
[PlyCount "29"]
[EventDate "2021.??.??"]
[EventType "blitz"]

1. e4 e5 2. Nf3 d5 3. d4 dxe4 4. Nxe5 Bd6 5. f4 exf3 6. Qxf3 Bxe5 7. dxe5 Nc6
8. Bb5 Bd7 9. O-O Nxe5 10. Qxb7 Nf6 11. Bxd7+ Nexd7 12. Re1+ Kf8 13. Bg5 Rb8
14. Qxa7 Rxb2 15. Qa3+ {Normal} 1-0

[Event "Rated Blitz game"]
[Site "?"]
[Date "2021.10.16"]
[Round "?"]
[White "l1s14ka"]
[Black "pashpawn"]
[Result "0-1"]
[WhiteElo "2368"]
[BlackElo "2447"]
[PlyCount "51"]
[EventDate "2021.??.??"]
[EventType "blitz"]

1. e4 e5 2. Nf3 d5 3. exd5 e4 4. Qe2 Nf6 5. d3 Bd6 6. dxe4 O-O 7. Nc3 Bg4 8.
Bg5 Nbd7 9. O-O-O Re8 10. h3 Bh5 11. Qd3 h6 12. Bh4 Nc5 13. Qc4 g5 14. g4 Bg6
15. e5 b5 16. Nxb5 gxh4 17. exd6 cxd6 18. Nxh4 Be4 19. Rg1 Rc8 20. g5 Nd3+ 21.
Bxd3 Rxc4 22. gxf6+ Kh8 23. Bxc4 Qxf6 24. Rg4 h5 25. Rxe4 Rxe4 26. Nf5 {Normal}
0-1

[Event "Rated Blitz game"]
[Site "?"]
[Date "2021.10.15"]
[Round "?"]
[White "Chessfamil200"]
[Black "barry-allen"]
[Result "0-1"]
[WhiteElo "2471"]
[BlackElo "2391"]
[PlyCount "58"]
[EventDate "2021.??.??"]
[EventType "blitz"]

1. e4 e5 2. Nf3 d5 3. exd5 e4 4. Qe2 Nf6 5. Nc3 Be7 6. Nxe4 O-O 7. d3 Re8 8.
Bd2 Nxd5 9. O-O-O f5 10. Nc3 Nxc3 11. Bxc3 Bg5+ 12. Nxg5 Rxe2 13. Bxe2 Qxg5+
14. Kb1 Nc6 15. h4 Qd8 16. d4 Ne7 17. Bd3 Nd5 18. Bd2 c6 19. c4 Nf6 20. Bc3 Ne4
21. f3 Nxc3+ 22. bxc3 Bd7 23. Rhe1 Qa5 24. Kb2 Re8 25. c5 b6 26. Bc4+ Kf8 27.
Rxe8+ Bxe8 28. g4 Bf7 29. Bxf7 Kxf7 {Normal} 0-1

[Event "Rated Rapid game"]
[Site "?"]
[Date "2021.10.15"]
[Round "?"]
[White "SpaceExplorer09-BOT"]
[Black "Boris-Trapsky"]
[Result "1-0"]
[WhiteElo "2557"]
[BlackElo "2384"]
[PlyCount "79"]
[EventDate "2021.??.??"]
[EventType "rapid"]

1. e4 e5 2. Nf3 d5 3. Nxe5 dxe4 4. Bc4 Nh6 5. d4 Nd7 6. O-O Nxe5 7. dxe5 Bg4 8.
Qxd8+ Rxd8 9. Nc3 Bf5 10. h3 Bc5 11. g4 Bg6 12. Bg5 Rd7 13. Rfd1 e3 14. Nd5
exf2+ 15. Kf1 Kf8 16. Nxc7 Rxd1+ 17. Rxd1 Be7 18. Be3 Bxc2 19. Rd7 Ba4 20. Bb5
Bxb5+ 21. Nxb5 g5 22. Nd6 Rg8 23. Rxb7 f6 24. Nc8 Rg7 25. e6 a5 26. Nxe7 Ng8
27. Bc5 Rxe7 28. a4 h6 29. Ba3 f5 30. gxf5 h5 31. Bxe7+ Nxe7 32. f6 Nc6 33. Rc7
Kg8 34. Rxc6 g4 35. Rc7 gxh3 36. Rg7+ Kf8 37. Rh7 Kg8 38. Rxh5 h2 39. Rxh2 Kf8
40. Rh8# {Normal} 1-0

[Event "Rated Blitz game"]
[Site "?"]
[Date "2021.10.15"]
[Round "?"]
[White "Satsanga"]
[Black "barry-allen"]
[Result "0-1"]
[WhiteElo "2442"]
[BlackElo "2373"]
[PlyCount "38"]
[EventDate "2021.??.??"]
[EventType "blitz"]

1. e4 e5 2. Nf3 d5 3. Nxe5 Bd6 4. d4 dxe4 5. Nc4 Nf6 6. Nxd6+ Qxd6 7. Be2 O-O
8. O-O Bf5 9. Be3 Nc6 10. c3 Rad8 11. Nd2 a6 12. Qb3 b5 13. Rad1 Na5 14. Qc2
Rfe8 15. Rfe1 Bg6 16. Nf1 Nd5 17. Ng3 f5 18. Bh5 f4 19. Bxg6 Qxg6 {Normal} 0-1

[Event "Rated Blitz game"]
[Site "?"]
[Date "2021.10.15"]
[Round "?"]
[White "Evgenii_Rudenko"]
[Black "jsequera"]
[Result "1-0"]
[WhiteElo "2389"]
[BlackElo "2550"]
[PlyCount "131"]
[EventDate "2021.??.??"]
[EventType "blitz"]

1. e4 e5 2. Nf3 d5 3. Nxe5 Bd6 4. d4 dxe4 5. Nc4 Nc6 6. Nxd6+ Qxd6 7. c3 Nf6 8.
Nd2 O-O 9. Nc4 Qe7 10. Bg5 h6 11. Bh4 Be6 12. Ne3 Rad8 13. Qa4 g5 14. Bg3 Nh5
15. Qb5 Bc8 16. Nf5 Bxf5 17. Qxf5 Ng7 18. Qc5 Qxc5 19. dxc5 Rd7 20. Bb5 f5 21.
Bxc6 bxc6 22. Be5 Ne6 23. Rd1 Rfd8 24. Ke2 Rd5 25. Bf6 Rxd1 26. Rxd1 Rxd1 27.
Kxd1 Nxc5 28. Bd4 Nd3 29. Bxa7 Nxb2+ 30. Kc2 Nd3 31. f3 Kf7 32. fxe4 fxe4 33.
Kd2 Ke6 34. Ke3 Kd5 35. c4+ Kxc4 36. Kxe4 Nb4 37. g4 c5 38. Bb8 Nd5 39. a4 Nf6+
40. Kf5 Ne8 41. Kg6 Kb4 42. Kxh6 c4 43. Ba7 c5 44. Bb8 c3 45. Kxg5 Ng7 46. Kf6
c2 47. Bf4 Ne8+ 48. Ke7 Nc7 49. Bc1 Nd5+ 50. Kf7 Nc3 51. g5 Ne2 52. Be3 c1=Q
53. Bxc1 Nxc1 54. g6 Nd3 55. g7 c4 56. g8=Q c3 57. Qb8+ Ka3 58. Qc7 Kb2 59.
Qb6+ Ka1 60. Qe3 c2 61. Qxd3 c1=Q 62. Qd4+ Ka2 63. Qd5+ Ka3 64. a5 Qf4+ 65. Ke7
Qxh2 66. Qd6+ {Normal} 1-0

[Event "Rated Blitz game"]
[Site "?"]
[Date "2021.10.15"]
[Round "?"]
[White "FatianovaT_wgm"]
[Black "Tintyn"]
[Result "0-1"]
[WhiteElo "2373"]
[BlackElo "2512"]
[PlyCount "130"]
[EventDate "2021.??.??"]
[EventType "blitz"]

1. e4 e5 2. Nf3 d5 3. Nxe5 Bd6 4. d4 dxe4 5. Bb5+ c6 6. Bc4 Bxe5 7. dxe5 Qxd1+
8. Kxd1 Bg4+ 9. Be2 Bxe2+ 10. Kxe2 Nd7 11. Ke3 Nxe5 12. Kxe4 Ng6 13. f4 Nf6+
14. Kf3 O-O-O 15. Nc3 Rhe8 16. g4 b5 17. a3 h5 18. h3 a5 19. b4 axb4 20. axb4
Kb7 21. Be3 Ra8 22. g5 Nd7 23. Ne4 Kc7 24. Rhd1 Rxa1 25. Rxa1 Nh4+ 26. Kg3 Rxe4
27. Ra7+ Kd8 28. Kxh4 Rxe3 29. Kxh5 Rxh3+ 30. Kg4 Rc3 31. f5 Rc4+ 32. Kh5 Rxb4
33. f6 gxf6 34. gxf6 Nxf6+ 35. Kg5 Nd7 36. Kf5 Rc4 37. Ra2 Ke7 38. Rb2 Kd6 39.
Ra2 Nc5 40. Rb2 Rc3 41. Ra2 Na4 42. Ke4 Kc5 43. Ke5 Nb6 44. Kf6 Nd5+ 45. Kxf7
b4 46. Ke6 Kc4 47. Ra6 Re3+ 48. Kf5 c5 49. Ra2 Nc3 50. Rb2 Re1 51. Kf4 Rb1 52.
Rxb4+ cxb4 53. Ke3 Rd1 54. Kf2 Rd8 55. Ke3 Nb5 56. Kf4 Na3 57. Ke5 Nxc2 58. Ke6
b3 59. Ke7 Rd2 60. Ke6 b2 61. Ke5 b1=Q 62. Kf4 Qe1 63. Kf3 Rf2+ 64. Kg3 Qg1+
65. Kh3 Rh2# {Normal} 0-1

[Event "Rated Blitz game"]
[Site "?"]
[Date "2021.10.15"]
[Round "?"]
[White "midouch"]
[Black "geptil"]
[Result "0-1"]
[WhiteElo "2472"]
[BlackElo "2427"]
[PlyCount "64"]
[EventDate "2021.??.??"]
[EventType "blitz"]

1. e4 e5 2. Nf3 d5 3. d4 dxe4 4. Nxe5 Bd6 5. Nc4 Nf6 6. Bg5 O-O 7. Be2 Be7 8.
Nc3 Nc6 9. d5 Nxd5 10. Nxd5 Bxg5 11. O-O Be6 12. Nce3 f5 13. c4 f4 14. Bg4 Bc8
15. Bxc8 Qxc8 16. Nc2 f3 17. Re1 Qg4 18. Nce3 Qh5 19. Nxc7 Bxe3 20. Rxe3 Qg4
21. g3 Rad8 22. Nd5 Ne5 23. Qf1 b5 24. b3 bxc4 25. bxc4 Nd3 26. Rd1 Rd6 27.
Rexd3 exd3 28. Qxd3 Kh8 29. c5 Rh6 30. Qf1 Rd8 31. c6 Qh5 32. c7 Qxh2# {Normal}
0-1

[Event "Rated Blitz game"]
[Site "?"]
[Date "2021.10.15"]
[Round "?"]
[White "mandarria"]
[Black "RiskyBlitzer"]
[Result "0-1"]
[WhiteElo "2494"]
[BlackElo "2480"]
[PlyCount "54"]
[EventDate "2021.??.??"]
[EventType "blitz"]

1. e4 e5 2. Nf3 d5 3. exd5 e4 4. Qe2 Nf6 5. d3 Be7 6. dxe4 O-O 7. Nc3 Re8 8.
Bd2 Bb4 9. O-O-O Bxc3 10. Bxc3 Nxe4 11. Qe3 Bf5 12. Bb5 Nd7 13. Rhe1 h6 14. Qd4
f6 15. Nh4 Bh7 16. g4 a6 17. Bc4 Nd6 18. Bb3 a5 19. a4 b5 20. Re6 b4 21. Bd2
Nb6 22. Rde1 Qd7 23. Ng2 Nxa4 24. f4 Nb6 25. g5 a4 26. gxh6 axb3 27. hxg7 Ra1#
{Normal} 0-1

[Event "Rated Blitz game"]
[Site "?"]
[Date "2021.10.15"]
[Round "?"]
[White "Blackswood"]
[Black "Kasteajedrez"]
[Result "0-1"]
[WhiteElo "2378"]
[BlackElo "2520"]
[PlyCount "88"]
[EventDate "2021.??.??"]
[EventType "blitz"]

1. e4 e5 2. Nf3 d5 3. d4 dxe4 4. Nxe5 Nd7 5. Qh5 Nxe5 6. Qxe5+ Qe7 7. Nc3 Nf6
8. Bg5 Qxe5 9. dxe5 Ng4 10. Nxe4 Nxe5 11. O-O-O Bf5 12. Ng3 Be6 13. Bb5+ c6 14.
Rhe1 Ng4 15. Bc4 Nxf2 16. Bxe6 fxe6 17. Rxe6+ Kf7 18. Rde1 Ng4 19. R6e4 Nf6 20.
Rf4 Bd6 21. Rf3 Bxg3 22. Rxg3 Rhe8 23. Rf1 Re6 24. Rgf3 Rae8 25. Bd2 Kg8 26.
Bc3 Nd5 27. g4 b5 28. h4 h6 29. g5 hxg5 30. hxg5 Rg6 31. Bd2 a5 32. b3 a4 33.
c4 bxc4 34. bxc4 Nb6 35. c5 Nd5 36. Ra3 Re4 37. Raf3 Rge6 38. Rf8+ Kh7 39. Rh1+
Kg6 40. Rhf1 Rc4+ 41. Kd1 Rxc5 42. R8f7 Rb5 43. Rd7 Rb1+ 44. Bc1 Nb4 {Time
forfeit} 0-1

[Event "Rated Blitz game"]
[Site "?"]
[Date "2021.10.15"]
[Round "?"]
[White "duhec"]
[Black "barry-allen"]
[Result "1-0"]
[WhiteElo "2410"]
[BlackElo "2340"]
[PlyCount "21"]
[EventDate "2021.??.??"]
[EventType "blitz"]

1. e4 e5 2. Nf3 d5 3. Nxe5 Bd6 4. d4 dxe4 5. Bc4 Bxe5 6. dxe5 Qxd1+ 7. Kxd1 Nc6
8. Re1 Bg4+ 9. Kd2 O-O-O+ 10. Kc3 Bf3 11. gxf3 {Normal} 1-0

[Event "Rated Blitz game"]
[Site "?"]
[Date "2021.10.15"]
[Round "?"]
[White "gpkal"]
[Black "barry-allen"]
[Result "1-0"]
[WhiteElo "2496"]
[BlackElo "2390"]
[PlyCount "53"]
[EventDate "2021.??.??"]
[EventType "blitz"]

1. e4 e5 2. Nf3 d5 3. Nxe5 Bd6 4. d4 dxe4 5. Nc4 Nf6 6. Nxd6+ Qxd6 7. c4 O-O 8.
Be2 Bf5 9. O-O Re8 10. Be3 Nc6 11. Nc3 Rad8 12. d5 Ne5 13. Nb5 Qd7 14. h3 a6
15. Nd4 Bxh3 16. gxh3 Qxh3 17. Bf4 Nfg4 18. Bxg4 Nxg4 19. Re1 Rd6 20. Bxd6 cxd6
21. Qf3 Qh2+ 22. Kf1 h5 23. Qg3 Re7 24. Qxh2 Nxh2+ 25. Kg2 Ng4 26. Nf5 Re5 27.
Nxd6 {Normal} 1-0

[Event "Rated Blitz game"]
[Site "?"]
[Date "2021.10.15"]
[Round "?"]
[White "DanielPerchman"]
[Black "khalid_ontawar"]
[Result "0-1"]
[WhiteElo "2476"]
[BlackElo "2518"]
[PlyCount "148"]
[EventDate "2021.??.??"]
[EventType "blitz"]

1. e4 e5 2. Nf3 d5 3. exd5 e4 4. Qe2 Nf6 5. d3 Bf5 6. dxe4 Bxe4 7. Nbd2 Qxd5 8.
Nxe4 Qxe4 9. Qxe4+ Nxe4 10. Bd3 Nc5 11. Bc4 Bd6 12. O-O O-O 13. Be3 Nc6 14. c3
Rad8 15. Rad1 Ne4 16. Bd5 Nf6 17. Bxc6 bxc6 18. a3 a6 19. Bg5 Rb8 20. Bxf6 gxf6
21. b4 c5 22. Nd2 cxb4 23. axb4 Rb5 24. Ne4 Be5 25. f4 f5 26. fxe5 fxe4 27. Rd7
Rxe5 28. Rxc7 e3 29. Re1 Rd8 30. Rc5 Rxc5 31. bxc5 Rc8 32. Rxe3 Rxc5 33. Kf2 a5
34. Ke2 a4 35. Kd2 Rf5 36. Re2 Kg7 37. Kc2 Rf4 38. Kb2 h5 39. Ka3 Rc4 40. Kb2
Kg6 41. Rd2 Rf4 42. g3 Re4 43. Ka3 Rc4 44. Rd3 Kg5 45. h3 h4 46. Rd5+ Kg6 47.
gxh4 Rxc3+ 48. Kxa4 Rxh3 49. Kb4 Rxh4+ 50. Kc3 Re4 51. Kd3 Re8 52. Rd6+ Kg5 53.
Ra6 f5 54. Ra1 f4 55. Rg1+ Kf5 56. Rg7 f3 57. Kd2 Kf4 58. Rd7 f2 59. Rf7+ Kg3
60. Rg7+ Kf3 61. Rf7+ Kg2 62. Rg7+ Kf1 63. Kd1 Rd8+ 64. Kc2 Rd4 65. Kc3 Rf4 66.
Kd2 Rf3 67. Rg8 Rf5 68. Rg7 Rd5+ 69. Kc2 Ke2 70. Re7+ Kf3 71. Rf7+ Kg3 72. Rg7+
Kf4 73. Rf7+ Rf5 74. Kd3 f1=Q+ {Normal} 0-1

[Event "Rated Blitz game"]
[Site "?"]
[Date "2021.10.15"]
[Round "?"]
[White "Axmedov_Azamat"]
[Black "barry-allen"]
[Result "0-1"]
[WhiteElo "2509"]
[BlackElo "2395"]
[PlyCount "56"]
[EventDate "2021.??.??"]
[EventType "blitz"]

1. e4 e5 2. Nf3 d5 3. exd5 e4 4. Ng1 Nf6 5. d3 Qxd5 6. dxe4 Qxd1+ 7. Kxd1 Nxe4
8. Ke1 Bb4+ 9. c3 Ba5 10. f3 Nf6 11. Bg5 Nbd7 12. Bc4 O-O 13. Nd2 Re8+ 14. Kf2
Bb6+ 15. Kf1 Ne5 16. Be2 Bf5 17. Re1 Nd3 18. Rb1 Nf2 19. Nc4 Nxh1 20. Nxb6 axb6
21. Re1 Rxa2 22. Bxf6 gxf6 23. Bc4 Re5 24. Ne2 Rxb2 25. Kg1 b5 26. Kxh1 bxc4
27. Ra1 Rexe2 28. g4 Rxh2+ {Normal} 0-1

[Event "Rated Blitz tournament 1l00RDp3"]
[Site "?"]
[Date "2021.10.15"]
[Round "?"]
[White "Yeum-Yang"]
[Black "dr_xStranger"]
[Result "1/2-1/2"]
[WhiteElo "2245"]
[BlackElo "2599"]
[PlyCount "137"]
[EventDate "2021.??.??"]
[EventType "blitz"]

1. e4 e5 2. Nf3 d5 3. exd5 e4 4. Qe2 Nf6 5. Nc3 Be7 6. Nxe4 O-O 7. Nxf6+ Bxf6
8. d4 Re8 9. Be3 Qxd5 10. Qb5 Qd8 11. O-O-O Nc6 12. d5 a6 13. Qa4 Ne5 14. Nxe5
Rxe5 15. Bd3 Rxd5 16. Qb3 Be6 17. Bc4 Rxd1+ 18. Rxd1 Qe8 19. Bxe6 fxe6 20. Kb1
Qc6 21. f3 a5 22. Bd4 Rd8 23. c3 a4 24. Qc2 Bxd4 25. Rxd4 Rxd4 26. cxd4 Qd7 27.
Qe4 b6 28. h4 h6 29. g4 c5 30. Qa8+ Kh7 31. Qe4+ Kg8 32. Qa8+ Kf7 33. Qe4 Qxd4
34. Qb7+ Kg8 35. Qc8+ Kh7 36. a3 Qd1+ 37. Ka2 Qd5+ 38. Ka1 b5 39. h5 b4 40.
axb4 cxb4 41. Qe8 Qd1+ 42. Ka2 Qb3+ 43. Kb1 Qxf3 44. Qg6+ Kg8 45. Qxe6+ Qf7 46.
Qc8+ Kh7 47. Qb8 Qf1+ 48. Ka2 Qc4+ 49. Kb1 Qxg4 50. Qb5 b3 51. Qd3+ g6 52.
hxg6+ Qxg6 53. Qxg6+ Kxg6 54. Kc1 Kg5 55. Kd2 h5 56. Kc1 h4 57. Kd1 h3 58. Ke2
h2 59. Ke3 h1=Q 60. Kd3 Qb1+ 61. Kc3 Qxb2+ 62. Kxb2 Kf4 63. Kc1 Ke4 64. Kb1 Kd4
65. Kb2 Kc4 66. Kb1 Kb4 67. Kb2 Kb5 68. Kc1 Kb4 69. Kd2 {Time forfeit} 1/2-1/2

[Event "Rated Blitz game"]
[Site "?"]
[Date "2021.10.15"]
[Round "?"]
[White "Ivanets_Sergei"]
[Black "barry-allen"]
[Result "0-1"]
[WhiteElo "2420"]
[BlackElo "2381"]
[PlyCount "42"]
[EventDate "2021.??.??"]
[EventType "blitz"]

1. e4 e5 2. Nf3 d5 3. Nxe5 Bd6 4. d4 dxe4 5. Nc3 Bxe5 6. dxe5 Qxd1+ 7. Nxd1 Nc6
8. Bf4 Nge7 9. Nc3 Be6 10. O-O-O Ng6 11. Bg3 h5 12. h3 h4 13. Bh2 Ncxe5 14.
Nxe4 O-O 15. b3 a5 16. a4 b6 17. Be2 f6 18. Nc3 Rfd8 19. f4 Nc6 20. Bf3 Nge7
21. f5 Bxf5 {Normal} 0-1

[Event "Rated Blitz game"]
[Site "?"]
[Date "2021.10.15"]
[Round "?"]
[White "KrUeL"]
[Black "oJHuNNiKz"]
[Result "1-0"]
[WhiteElo "2401"]
[BlackElo "2362"]
[PlyCount "65"]
[EventDate "2021.??.??"]
[EventType "blitz"]

1. e4 e5 2. Nf3 d5 3. Nxe5 dxe4 4. d4 Bd6 5. Nc4 Nc6 6. Nxd6+ Qxd6 7. Be3 f5 8.
Qd2 Nf6 9. Nc3 Be6 10. O-O-O O-O-O 11. Bb5 Nxd4 12. Bxd4 Qxd4 13. Qxd4 Rxd4 14.
Rxd4 Ng4 15. Rd2 c6 16. Ba4 Re8 17. h3 Ne5 18. Bb3 g5 19. Rhd1 Ng6 20. Rd6 Bxb3
21. axb3 Nf4 22. Rg1 Kc7 23. Rf6 b5 24. Rxf5 b4 25. Rxf4 gxf4 26. Ne2 f3 27.
gxf3 exf3 28. Ng3 Rg8 29. Re1 Kd6 30. Re3 Rf8 31. Re4 c5 32. Kd2 Kd5 33. Ke3 {
Normal} 1-0

[Event "Rated Blitz game"]
[Site "?"]
[Date "2021.10.15"]
[Round "?"]
[White "FatianovaT_wgm"]
[Black "Tintyn"]
[Result "0-1"]
[WhiteElo "2381"]
[BlackElo "2505"]
[PlyCount "92"]
[EventDate "2021.??.??"]
[EventType "blitz"]

1. e4 e5 2. Nf3 d5 3. d3 dxe4 4. dxe4 Qxd1+ 5. Kxd1 Nc6 6. c3 Bg4 7. Be2 O-O-O+
8. Kc2 f5 9. exf5 Bxf5+ 10. Kb3 Nf6 11. a4 Na5+ 12. Ka2 Be6+ 13. b3 Nxb3 14.
Kb2 Nxa1 15. Kxa1 e4 16. Nd4 Bd5 17. h3 c5 18. Nb5 a6 19. N5a3 Bc6 20. a5 Bd6
21. Nc4 Bb5 22. Nb6+ Kc7 23. c4 Bc6 24. Nc3 Be5 25. Bb2 Rd2 26. Ncd5+ Kd6 27.
Bxe5+ Kxe5 28. Re1 Nxd5 29. cxd5 Bxd5 30. f4+ Kd4 31. g4 e3 32. f5 c4 33. g5 c3
34. f6 gxf6 35. gxf6 Ra2+ 36. Kb1 c2+ 37. Kc1 Ra1+ 38. Kxc2 Rxe1 39. Bd3 Be4
40. Bxe4 Kxe4 41. f7 Rf8 42. Nc4 Rc8 43. Kb3 Rb1+ 44. Ka2 Rd1 45. Kb3 e2 46.
Nd6+ Rxd6 {Normal} 0-1

[Event "Rated Blitz game"]
[Site "?"]
[Date "2021.10.15"]
[Round "?"]
[White "ChessNoob001"]
[Black "Tristan2020"]
[Result "1/2-1/2"]
[WhiteElo "2394"]
[BlackElo "2401"]
[PlyCount "142"]
[EventDate "2021.??.??"]
[EventType "blitz"]

1. e4 e5 2. Nf3 d5 3. Nxe5 Bd6 4. d4 dxe4 5. Nc3 Bxe5 6. dxe5 Qxd1+ 7. Nxd1 Nc6
8. Bb5 Bd7 9. Nc3 f5 10. exf6 Nxf6 11. O-O O-O-O 12. Bg5 Rhe8 13. Rad1 h6 14.
Bh4 g5 15. Bg3 Ne5 16. Bxd7+ Rxd7 17. Rxd7 Kxd7 18. Rd1+ Kc6 19. b4 a6 20. a4
b5 21. axb5+ axb5 22. Ra1 Nc4 23. Ra7 Re7 24. Ne2 e3 25. fxe3 Nd5 26. Nd4+ Kb6
27. Ra8 Nxb4 28. Rb8+ Ka7 29. Rxb5 c5 30. Rxc5 Nb6 31. Rb5 N4d5 32. Nc6+ Ka6
33. Ra5+ Kb7 34. Nxe7 Nxe7 35. Re5 Ned5 36. Re6 h5 37. Bf2 Nc4 38. e4 Nf4 39.
Re7+ Kc6 40. h3 h4 41. Rg7 Ne6 42. Rg6 Kd7 43. Kh2 Nd2 44. Be3 Nf1+ 45. Kg1
Nxe3 46. Rg8 Nc4 47. Ra8 Kd6 48. Kf2 Ke5 49. Kf3 Nd4+ 50. Kf2 Kxe4 51. Re8+ Ne5
52. c3 Nb5 53. c4 Nd4 54. g3 Nf5 55. gxh4 gxh4 56. c5 Nd4 57. Rh8 Nd3+ 58. Kg2
Nxc5 59. Rxh4+ Ke5 60. Rh5+ Nf5 61. Rh8 Ne4 62. Ra8 Kf4 63. Ra4 Nh4+ 64. Kh2
Nf3+ 65. Kh1 Ke3 66. Ra3+ Kf2 67. Ra2+ Kg3 68. h4 Nxh4 69. Ra3+ Kf4 70. Ra4 Nf5
71. Rxe4+ Kxe4 {Normal} 1/2-1/2

[Event "Rated Blitz game"]
[Site "?"]
[Date "2021.10.15"]
[Round "?"]
[White "hulkkkkk"]
[Black "mirekkk14"]
[Result "1-0"]
[WhiteElo "2448"]
[BlackElo "2406"]
[PlyCount "103"]
[EventDate "2021.??.??"]
[EventType "blitz"]

1. e4 e5 2. Nf3 d5 3. Nc3 d4 4. Ne2 Nc6 5. Ng3 h5 6. h4 Be7 7. Bb5 Bg4 8. d3
Qd6 9. Bg5 f6 10. Bd2 g6 11. Qe2 Bf8 12. O-O-O Nge7 13. Kb1 O-O-O 14. Bc1 Kb8
15. Nf1 a6 16. Bc4 b5 17. Bb3 Na5 18. N1h2 c5 19. Nxg4 hxg4 20. Nd2 f5 21. exf5
gxf5 22. f3 Nxb3 23. Nxb3 gxf3 24. Qxf3 Qd5 25. Qf2 f4 26. Rde1 Nf5 27. h5 Ne3
28. g3 Bh6 29. gxf4 exf4 30. Nd2 c4 31. Ne4 Rhf8 32. Bxe3 fxe3 33. Qh4 Rf4 34.
Qe7 Rf7 35. Qb4 Re8 36. Rhf1 Rxf1 37. Rxf1 Rxe4 38. dxe4 e2 39. Re1 Qxe4 40.
Qd6+ Kb7 41. Qxh6 d3 42. Qd2 Kb6 43. h6 a5 44. cxd3 cxd3 45. a3 b4 46. axb4
axb4 47. b3 Kb5 48. Ka2 Qa8+ 49. Kb1 Qe4 50. Rg1 Qh7 51. Rg3 Qe4 52. Re3 {
Time forfeit} 1-0